000 00409nam a2200169 a 4500
001 0000-9222
003 ELIB.Books
008 110520 1957
035 _a(ELIB.Books)0000-9374
082 _a253.7
_bGri
100 _aGrindstaff, W.E.
245 _aWays to Win
260 _bTennessee: Broadman Press
_c1957
650 _aPreaching
942 _2ddc
_cBK
998 _cbat
_e2011-05-20
999 _c9222
_d9222